[Event "AUTO-OPEN-3114"]
[Site "http://www.queenalice.com/game.php?id=1229597"]
[Date "2013.11.3"]
[Round "1"]
[White "spitty"]
[Black "Pierfi"]
[Result "0-1"]
[WhiteElo "1986"]
[BlackElo "1293"]

1. a3 e5 2. c4 Nc6 3. Nc3 Nf6 4. Nf3 b6 5. e3 Qe7 6. Qc2 a6 7. Be2 g6 8. d4 g5
9. Nd5 g4 10. Nxe7 Bxe7 11. Nxe5 Na5 12. b4 Nc6 0-1

[Event "AUTO-OPEN-3114"]
[Site "http://www.queenalice.com/game.php?id=1229598"]
[Date "2013.11.3"]
[Round "1"]
[White "Pierfi"]
[Black "spitty"]
[Result "1-0"]
[WhiteElo "1293"]
[BlackElo "1986"]

1. Nc3 d5 2. e4 d4 3. Nb1 e5 4. Nf3 Bd6 5. g3 Nf6 6. d3 O-O 7. b3 a5 8. a3 a4 9.
bxa4 Nc6 10. c3 Bg4 11. h3 Bxf3 12. Qxf3 Rxa4 13. h4 1-0

[Event "AUTO-OPEN-3114"]
[Site "http://www.queenalice.com/game.php?id=1229635"]
[Date "2013.11.3"]
[Round "1"]
[White "CCapivara"]
[Black "Pierfi"]
[Result "1-0"]
[WhiteElo "2095"]
[BlackElo "1100"]

1. e4 Nf6 2. e5 Ng8 3. d4 Nc6 4. f4 Nb8 5. Nf3 Nc6 6. d5 Nb8 7. Bd3 Nh6 8. O-O
Ng8 9. c4 Nh6 10. Nc3 Ng8 11. Be3 Nh6 12. Kh1 Ng8 13. f5 Na6 14. Ng5 Nb8 15.
Nxf7 Kxf7 16. Qh5+ g6 17. fxg6+ Kg7 18. Rf7# 1-0

[Event "AUTO-OPEN-3114"]
[Site "http://www.queenalice.com/game.php?id=1229636"]
[Date "2013.11.3"]
[Round "1"]
[White "Pierfi"]
[Black "CCapivara"]
[Result "0-1"]
[WhiteElo "1100"]
[BlackElo "2125"]

1. Nf3 d5 2. d4 Nf6 3. Nc3 Bg4 4. Ne5 Bf5 5. Nf3 e6 6. Nb1 Bd6 7. c4 dxc4 8. a3
b5 9. h3 h6 10. g4 Be4 11. Nfd2 Bxh1 12. Nc3 Bc6 13. a4 b4 14. Nb5 Bxb5 15. axb5
c3 16. bxc3 bxc3 17. Nc4 Bb4 18. Qb3 a5 19. Qa4 Qxd4 20. b6+ c6 21. Nd6+ Qxd6
22. f3 Qg3+ 23. Kd1 Qf2 24. Bf4 Qxf1+ 25. Kc2 Qxe2+ 26. Kb3 O-O 27. b7 Na6 28.
bxa8=Q Nc5# 0-1

[Event "Let's Play Chess!"]
[Site "http://www.queenalice.com/game.php?id=1234334"]
[Date "2013.11.22"]
[Round "-"]
[White "giorgiono"]
[Black "Pierfi"]
[Result "1-0"]
[WhiteElo "1233"]
[BlackElo "1271"]

1. e4 e5 2. Nf3 d6 3. Bc4 Nc6 4. c3 Nf6 5. d3 Ng8 6. O-O Bg4 7. Nbd2 h5 8. Qe2
Na5 9. Bd5 c6 10. Bb3 Nxb3 11. axb3 h4 12. h3 Bh5 13. b4 a5 14. g4 Bg6 15. Nb3
a4 16. Nbd2 Nf6 17. Nc4 Nd7 18. Be3 d5 19. Na3 dxe4 20. dxe4 Bxe4 21. Nc4 Qf6
22. Nh2 Qe6 23. f3 Bd5 24. f4 exf4 25. Rxf4 b5 26. Na3 Ne5 27. Bd4 Kd7 28. Raf1
Qd6 29. Bxe5 Qe6 30. Rxf7+ Be7 31. Rxg7 Rhe8 32. Nc2 Bc4 33. Qd2+ Kc8 34. Re1
Rd8 35. Nd4 Qd7 36. Rg6 Kb7 37. Qh6 1-0

[Event "Let's Play Chess!"]
[Site "http://www.queenalice.com/game.php?id=1234423"]
[Date "2013.11.22"]
[Round "-"]
[White "Pierfi"]
[Black "Leovitor"]
[Result "0-1"]
[WhiteElo "1149"]
[BlackElo "1547"]

1. e4 e6 2. Nc3 d5 3. exd5 exd5 4. Qe2+ Qe7 5. Nxd5 Qxe2+ 6. Bxe2 Ne7 7. Nxc7+
Kd8 8. Nxa8 g6 9. d4 Bg7 10. Bd2 Be6 11. Bb5 Bxd4 12. Rd1 Bxb2 13. Rb1 Bg7 14.
Kf1 Bd7 15. Ba5+ b6 16. Nxb6 axb6 17. Bxb6+ Ke8 18. Ba6 Nxa6 19. Ba5 Bf5 20. Ne2
Bxc2 21. Rc1 Bf5 22. Rd1 Nc6 23. Bb6 Ke7 24. f3 Rb8 25. Be3 Bc2 26. Rd2 Rb1+ 27.
Kf2 Rxh1 28. Rxc2 Na7 29. Ng3 Rxh2 30. Nf1 Rh5 31. Kg1 Be5 32. Bxa7 Nb4 33. Bc5+
Bd6 34. Re2+ Kd7 35. Bb6 Nd5 36. Bd4 Nf4 37. Rc2 Ke6 38. a4 Be5 39. Bc5 Nd3 40.
Ba3 Ne1 41. Rc6+ Kf5 42. a5 Rg5 43. Bb4 Nxf3+ 44. Kf2 Nd4 45. Rc5 Ne6 46. Rc4
Bd4+ 47. Ke1 Rxg2 48. a6 Bf2+ 49. Ke2 Ba7+ 50. Kf3 Rf2+ 51. Kg3 Rxf1 52. Kg2
Rf2+ 53. Kg1 Rc2+ 54. Bc5 Bxc5+ 55. Rxc5+ Rxc5 56. a7 Ra5 57. Kg2 Rxa7 58. Kg3
Ra3+ 59. Kh2 h5 60. Kh1 Ra2 61. Kg1 h4 62. Kh1 g5 63. Kg1 g4 64. Kh1 g3 65. Kg1
h3 66. Kh1 Ra1# 0-1

[Event "Let's Play Chess!"]
[Site "http://www.queenalice.com/game.php?id=1234424"]
[Date "2013.11.22"]
[Round "-"]
[White "Leovitor"]
[Black "Pierfi"]
[Result "1-0"]
[WhiteElo "1451"]
[BlackElo "1100"]

1. d4 d5 2. c4 Nf6 3. Nc3 e6 4. Bg5 Bb4 5. e3 h6 6. Bh4 O-O 7. Nf3 g5 8. Bg3 Nh5
9. Bd3 Nxg3 10. hxg3 Kg7 11. Ne5 a5 12. Qh5 f6 13. Qg6+ Kh8 14. Rxh6# 1-0

[Event "AUTO-BEG-596"]
[Site "http://www.queenalice.com/game.php?id=1234469"]
[Date "2013.11.22"]
[Round "1"]
[White "juliosoliveira84"]
[Black "Pierfi"]
[Result "1-0"]
[WhiteElo "1500"]
[BlackElo "1279"]

1. e4 e5 2. Qf3 Nf6 3. Nc3 Nc6 4. h4 d5 5. exd5 Nd4 6. Qd3 c6 7. dxc6 bxc6 8.
Nf3 Nxf3+ 9. Qxf3 Bb4 10. Qxc6+ Bd7 11. Qc4 Qe7 12. Nd5 Nxd5 13. Qxd5 O-O 14.
Bd3 g6 15. h5 Kg7 16. h6+ Kf6 17. Qf3+ Ke6 18. Bc4+ Kd6 19. a3 Ba5 20. Qd5+ Kc7
21. Qxa5+ Kc8 22. Bd5 Rb8 23. Qxa7 Qd6 24. c4 Bf5 25. b4 e4 26. b5 Rb6 27. Qa4
f6 28. Qa8+ Kc7 29. Qa5 Qe5 30. Qa7+ Kd6 31. Qxb6+ Ke7 32. Qb7+ Kd8 33. Qg7 Re8
34. Rb1 1-0

[Event "AUTO-BEG-596"]
[Site "http://www.queenalice.com/game.php?id=1234470"]
[Date "2013.11.22"]
[Round "1"]
[White "Pierfi"]
[Black "juliosoliveira84"]
[Result "0-1"]
[WhiteElo "1293"]
[BlackElo "1400"]

1. e4 d5 2. Nc3 dxe4 3. Nxe4 e5 4. Nc3 Qf6 5. Nd5 Qd6 6. Qf3 Nf6 7. Nc3 e4 8.
Nxe4 Qe7 9. Bb5+ c6 10. Kf1 cxb5 11. d3 Bg4 12. Qf4 h6 13. h3 Bd1 14. Nc3 Bxc2
15. Qf3 b4 16. Nd5 Nxd5 17. Qxd5 Nd7 18. Qxb7 Bxd3+ 19. Ne2 Qxe2+ 20. Kg1 Rd8
21. Qxb4 Bxb4 22. Bf4 Qxb2 23. Rd1 Nc5 24. Bc7 Rd4 25. Be5 f6 26. Bxd4 Qxd4 27.
a3 Bxa3 28. Re1+ Kf7 29. Kh2 Qxf2 30. Ra1 Bb2 31. Rxa7+ Kg6 32. h4 Be5+ 33. Kh3
Qg3# 0-1

[Event "AUTO-OPEN-3127"]
[Site "http://www.queenalice.com/game.php?id=1234614"]
[Date "2013.11.23"]
[Round "1"]
[White "donay_attack"]
[Black "Pierfi"]
[Result "1-0"]
[WhiteElo "2246"]
[BlackElo "1092"]

1. Nc3 Nf6 2. e4 Nc6 3. d4 e5 4. dxe5 Nxe5 5. f4 Neg4 6. e5 d6 7. exf6 gxf6 8.
Be2 Qe7 9. Nd5 Qd7 10. Bxg4 Qc6 11. Nxf6+ Ke7 12. Nd5+ Kd8 13. Bxc8 Rxc8 14. Nf3
Bg7 15. O-O Kd7 16. Ng5 Qc5+ 17. Be3 Qc6 18. Qg4+ Ke8 19. Qxc8# 1-0

[Event "AUTO-OPEN-3127"]
[Site "http://www.queenalice.com/game.php?id=1234615"]
[Date "2013.11.23"]
[Round "1"]
[White "Pierfi"]
[Black "donay_attack"]
[Result "0-1"]
[WhiteElo "1092"]
[BlackElo "2247"]

1. e4 c6 2. Nc3 d5 3. exd5 cxd5 4. Nf3 Nf6 5. Bb5+ Bd7 6. Be2 Bf5 7. Bb5+ Nbd7
8. d3 e6 9. Qe2 Be7 10. O-O O-O 11. Ne5 Nxe5 12. Qxe5 Bd6 13. Qe3 Bxh2+ 14. Kxh2
Ng4+ 15. Kg3 Nxe3 16. Bxe3 d4 17. Bf4 dxc3 18. b3 e5 19. Bxe5 Qd5 20. Bc4 Qxe5+
21. Kf3 g5 22. Rae1 g4# 0-1

[Event "AUTO-OPEN-3127"]
[Site "http://www.queenalice.com/game.php?id=1234644"]
[Date "2013.11.23"]
[Round "1"]
[White "Pierfi"]
[Black "rubenov"]
[Result "0-1"]
[WhiteElo "1092"]
[BlackElo "1960"]

1. e4 b6 2. g3 Bb7 3. Bg2 e6 4. Nc3 Nf6 5. d3 h6 6. Bd2 d6 7. Nh3 e5 8. O-O Bc8
9. f3 Nc6 10. Re1 Be7 11. Nd5 Nxd5 12. exd5 Nd4 13. f4 Bxh3 14. Bxh3 exf4 15.
Rf1 fxg3 16. hxg3 a5 17. a3 Nb5 18. b4 axb4 19. Bxb4 O-O 20. Qh5 Bf6 21. Rae1
Nd4 22. Rc1 Re8 23. c3 Ne2+ 24. Kf2 Nxc1 25. Rxc1 Bg5 26. Rf1 Qf6+ 27. Kg1 Qe5
28. Qxf7+ Kh8 29. Qxc7 Qxg3+ 30. Bg2 Be3+ 31. Kh1 Qh4+ 32. Bh3 Qxh3# 0-1

[Event "AUTO-OPEN-3127"]
[Site "http://www.queenalice.com/game.php?id=1234645"]
[Date "2013.11.23"]
[Round "1"]
[White "rubenov"]
[Black "Pierfi"]
[Result "1-0"]
[WhiteElo "1962"]
[BlackElo "1092"]

1. d4 d5 2. Bg5 f6 3. Bh4 g5 4. Bg3 e5 5. dxe5 fxe5 6. Bxe5 Nf6 7. e3 Bh6 8. e4
O-O 9. Bxf6 Qxf6 10. Qf3 Qxb2 11. Qc3 Qc1+ 12. Ke2 Bg4+ 13. f3 Bh5 14. Nd2 Bg7
15. Qxg7+ Kxg7 16. Rxc1 Nc6 17. exd5 Nd4+ 18. Ke3 Rae8+ 19. Kxd4 Rf4+ 20. Ne4 b6
21. Ne2 c5+ 22. dxc6 Rd8+ 23. Ke3 Rf5 24. N2g3 Rfd5 25. Nxh5+ Kg6 26. Nhf6 Rd4
27. Ba6 R8d6 28. Nxd6 Rxd6 29. c7 Kxf6 30. c8=Q Kg6 31. Bd3+ Kh5 32. Qe8+ Kh4
33. g3+ Kh3 34. Bf1# 1-0